| 000 | 00427nam a2200181Ia 4500 | ||
|---|---|---|---|
| 001 | 13856 | ||
| 005 | 20260306164831.0 | ||
| 008 | 260306t1999||||xx |||||||||||||| ||spa|| | ||
| 041 | _aESP | ||
| 082 |
_a005.369E _bC36 |
||
| 100 |
_aCatapult, Inc. _eAUT |
||
| 245 | 0 | _aMicrosoft excel 2000 paso a paso | |
| 260 | _c1999 | ||
| 300 |
_a445 páginas : _c24 cm. |
||
| 650 | _aGEN | ||
| 654 | _aCCC | ||
| 942 |
_cLIB _dJUS _fJUS _2ddc _n |
||
| 999 |
_c13856 _d13856 |
||